000 01234naa a22003137a 4500
001 BR7503345
003 BR-BrBNA
005 20240918173749.0
007 ta
008 230509b bl.||||| |||| 00| 0 por d
040 _aBR-BrBNA
_bpor
_cBiblioteca Nacional de Agricultura
041 _a(Pt)
072 _aF30
_b2120
090 _aF30 BR7503345
100 1 _aKaiser, A.A.P.G.
100 1 _aCarneiro Filho, F.
111 1 _a3. Congresso Brasileiro de Pesquisas Cafeeiras
_cCuritiba, PR (Brazil)
_d18 Nov 1975
245 1 _aComportamento de diversos hibridos provenientes do cruzamento de caturra e blue montain com hibridos de Timor, provenientes da Universidade Federal de Vicosa [cafe]
260 3 _aRio de Janeiro, RJ (Brasil):
_c1975.
500 _aResumos do 3. Congresso Brasileiro de Pesquisas Cafeeiras Rio de Janeiro, RJ (Brasil): 1975. p. 211-212 (BR7503345-AM)F30
650 _aCAFE
650 _aHIBRIDO
650 _aRENDIMENTO
650 _aCOMPORTAMENTO DE VARIEDADE
650 _aCRUZAMENTO VEGETAL
773 0 _tResumos do 3. Congresso Brasileiro de Pesquisas Cafeeiras
_wF30 BR7503345
_gRio de Janeiro, RJ (Brasil), 1975. p. 211-212
909 _a202404
_bLucia
_c55
_dLucia Elande
942 _cAM
_2AGRIS
999 _c306725
_d306725